[Event "ICS Rated standard match"]
[Site "204.178.125.65"]
[Date "2000.07.06"]
[Round "?"]
[White "PostModernist"]
[Black "Hossa"]
[Result "1-0"]
[WhiteElo "2354"]
[BlackElo "2340"]
[PlyCount "101"]
[EventDate "2000.??.??"]

1. e4 c5 2. c3 g6 3. d4 cxd4 4. cxd4 d5 5. exd5 Nf6 6. Nc3 Nxd5 7. Qb3 Nb6 8.
d5 Bg7 9. Be3 O-O 10. Rd1 N8d7 11. Be2 Ne5 12. Nf3 Nxf3+ 13. Bxf3 Qd6 14. O-O
Be5 15. Nb5 Qb8 16. g3 Bh3 17. Rfe1 Nd7 18. Bg5 a6 19. Na3 Re8 20. Nc4 b6 21.
Nxe5 Nxe5 22. Bg2 Bxg2 23. Kxg2 Qd6 24. Bf4 f6 25. Bxe5 fxe5 26. Qc3 Rec8 27.
Qxe5 Rc2 28. Qxe7 Qxe7 29. Rxe7 Rf8 30. d6 Rcxf2+ 31. Kh3 R2f7 32. Rxf7 Kxf7
33. Rf1+ Kg7 34. Rc1 Rf2 35. Rd1 Rf8 36. d7 Rd8 37. Rd6 b5 38. Kg4 Kf7 39. Kg5
Kg7 40. b4 h6+ 41. Kg4 Kf7 42. h4 Kg7 43. h5 gxh5+ 44. Kxh5 Kf7 45. Rd2 Kg7 46.
g4 Kf6 47. Rd1 Kg7 48. Rd6 Kf7 49. Kxh6 Rh8+ 50. Kg5 Rd8 51. Kf4 {Hossa resigns
} 1-0

[Event "ICS rated blitz match"]
[Site "204.178.125.65"]
[Date "2000.07.06"]
[Round "?"]
[White "QueenMaxima"]
[Black "Hossa"]
[Result "0-1"]
[WhiteElo "2504"]
[BlackElo "2560"]
[PlyCount "114"]
[EventDate "2000.??.??"]

1. e4 e6 2. d4 d5 3. Nc3 Bb4 4. e5 c5 5. a3 Ba5 6. b4 cxd4 7. Nb5 Bc7 8. f4 Ne7
9. Nf3 Nbc6 10. Bd3 O-O 11. O-O a6 12. Nbxd4 Nxd4 13. Nxd4 Bb6 14. Be3 Bd7 15.
Rf3 Ng6 16. c4 dxc4 17. Bxc4 Ba4 18. Qd3 Rc8 19. Kh1 Re8 20. Re1 Re7 21. Bg1
Bxd4 22. Bxd4 Rd7 23. f5 Rxd4 24. fxg6 Rxd3 25. gxf7+ Kf8 26. Bxd3 Rc3 27. Be4
Rxf3 28. Bxf3 Qc7 29. Rf1 Bb5 30. Re1 Kxf7 31. Bh5+ Ke7 32. Bf3 Qc3 33. Rb1
Qxa3 34. Bxb7 Bd3 35. Rd1 Qxb4 36. Bf3 Bc2 37. Rc1 Qb2 38. Re1 Qc3 39. Rf1 Qxe5
40. h3 a5 41. Rc1 Qb2 42. Re1 a4 43. Bd5 Bf5 44. Bxe6 Bxe6 45. Kg1 a3 46. Kf1
a2 47. g4 a1=Q 48. Rxa1 Qxa1+ 49. Kf2 Kf6 50. Ke3 Ke5 51. Kd3 Qa3+ 52. Ke2
Bxg4+ 53. hxg4 Ke4 54. Kf2 Qf3+ 55. Kg1 Qg3+ 56. Kh1 Kf3 57. g5 Qg2# 0-1

[Event "ICS rated blitz match"]
[Site "204.178.125.65"]
[Date "2000.07.06"]
[Round "?"]
[White "Hossa"]
[Black "QueenMaxima"]
[Result "1/2-1/2"]
[WhiteElo "2573"]
[BlackElo "2491"]
[PlyCount "148"]
[EventDate "2000.??.??"]

1. e4 e5 2. Nf3 Nc6 3. Bb5 a6 4. Bxc6 dxc6 5. O-O f6 6. d4 exd4 7. Nxd4 c5 8.
Ne2 Qxd1 9. Rxd1 Bd7 10. c4 O-O-O 11. Nbc3 Ne7 12. Be3 Nc6 13. Nd5 Bd6 14. f3
Ne5 15. b3 Be6 16. Rd2 Rd7 17. Nef4 Bf7 18. Rad1 Rhd8 19. Ne2 Nc6 20. Bf4 Nd4
21. Bxd6 Nxe2+ 22. Rxe2 Rxd6 23. g4 Kb8 24. Ree1 h5 25. gxh5 c6 26. Ne3 Bxh5
27. Kg2 Rd2+ 28. Kg3 Kc8 29. Rxd2 Rxd2 30. Nf5 g6 31. Ng7 Kd7 32. e5 fxe5 33.
Rxe5 Kd6 34. Re6+ Kd7 35. a4 Rd3 36. Nxh5 gxh5 37. Re5 h4+ 38. Kxh4 Rxf3 39.
Rg5 Rxb3 40. Rxc5 b6 41. Rg5 Ra3 42. Rg7+ Kd6 43. Rg4 Kc5 44. Kg5 Rh3 45. Rg2
Kxc4 46. Rc2+ Kd5 47. Rd2+ Ke5 48. Rc2 Kd6 49. Rd2+ Kc7 50. Ra2 b5 51. Kg4 Rd3
52. axb5 axb5 53. h4 c5 54. h5 Rd1 55. h6 Kd6 56. Rh2 Rg1+ 57. Kh5 Rg8 58. h7
Rc8 59. Kg5 Rh8 60. Kg6 b4 61. Rh6 Ke5 62. Rh5+ Kd4 63. Rh4+ Kc3 64. Rh3+ Kc2
65. Rh2+ Kc3 66. Kg7 Rxh7+ 67. Rxh7 c4 68. Rh3+ Kd4 69. Kf6 b3 70. Rh2 Kc3 71.
Rh1 Kc2 72. Rh2+ Kc3 73. Rh1 Kc2 74. Rh2+ Kc3 1/2-1/2

[Event "ICS rated blitz match"]
[Site "204.178.125.65"]
[Date "2000.07.06"]
[Round "?"]
[White "PostModernist"]
[Black "Hossa"]
[Result "1/2-1/2"]
[WhiteElo "2585"]
[BlackElo "2569"]
[PlyCount "267"]
[EventDate "2000.??.??"]

1. d4 Nf6 2. c4 e6 3. Nf3 b6 4. Nc3 Bb4 5. e3 O-O 6. Bd3 d6 7. Bd2 e5 8. dxe5
dxe5 9. Nxe5 Re8 10. Qf3 c6 11. Nxc6 Nxc6 12. Bxh7+ Nxh7 13. Qxc6 Be6 14. Qb5
Bc5 15. Na4 Be7 16. Bb4 Qd3 17. Rd1 Qe4 18. Bxe7 Qxg2 19. Rf1 Rxe7 20. Nc3 Qxh2
21. Rd4 Rae8 22. Qc6 Qh5 23. Rh1 Bh3 24. Nd5 Re6 25. Qc7 Ng5 26. Rf4 Nf3+ 27.
Kd1 Nd4+ 28. f3 Qg6 29. Rxd4 Qb1+ 30. Kd2 Qxh1 31. Qxa7 Qxf3 32. Rf4 Qg2+ 33.
Kc1 Qg1+ 34. Kc2 f6 35. a4 Rxe3 36. Nxe3 Qh2+ 37. Kd3 Qxf4 38. Qxb6 Rxe3+ 39.
Qxe3 Bf1+ 40. Kd2 Qxe3+ 41. Kxe3 Bxc4 42. b4 g6 43. b5 Kf7 44. Kd4 Bxb5 45.
axb5 Ke7 46. Kc5 g5 47. Kc6 Kd8 48. Kb7 g4 49. b6 g3 50. Ka8 g2 51. b7 g1=Q 52.
b8=Q+ Ke7 53. Qb7+ Kf8 54. Qb4+ Kf7 55. Qb7+ Kg6 56. Qe4+ Kg5 57. Qd5+ Kh4 58.
Kb7 Qb1+ 59. Kc7 f5 60. Qg2 Qb3 61. Qh1+ Kg4 62. Qc6 f4 63. Qg6+ Kf3 64. Qh5+
Kf2 65. Qh2+ Ke3 66. Qg1+ Kf3 67. Qh1+ Kg4 68. Qg1+ Qg3 69. Qd4 Qe3 70. Qd5 f3
71. Qd7+ Kg3 72. Qg7+ Kh3 73. Qh7+ Kg2 74. Qg8+ Kf2 75. Qd5 Ke1 76. Qa5+ Kf1
77. Qb5+ Qe2 78. Qb1+ Qe1 79. Qd3+ Kg2 80. Qd5 Qg3+ 81. Kb6 Kh2 82. Qh5+ Kg1
83. Qh8 f2 84. Qd4 Qb8+ 85. Kc6 Qc8+ 86. Kb6 Qe6+ 87. Kb7 Qb3+ 88. Ka6 Kg2 89.
Qe4+ Qf3 90. Qg6+ Qg3 91. Qc6+ Kg1 92. Qb6 Qd3+ 93. Ka7 Qd7+ 94. Kb8 Qe8+ 95.
Ka7 Qf7+ 96. Ka6 Qc4+ 97. Ka7 Qa2+ 98. Kb7 Qd5+ 99. Ka7 Qe4 100. Qc5 Qa4+ 101.
Kb7 Qb3+ 102. Kc8 Qf3 103. Qd4 Kf1 104. Qc5 Qg4+ 105. Kd8 Qg8+ 106. Ke7 Qg7+
107. Ke6 Qg6+ 108. Kd7 Qg7+ 109. Ke6 Qg4+ 110. Ke7 Qh4+ 111. Kd7 Qh3+ 112. Ke7
Qh7+ 113. Kf8 Qd3 114. Qg5 Qd6+ 115. Ke8 Qe6+ 116. Kf8 Qe4 117. Kf7 Qc4+ 118.
Kf8 Qc8+ 119. Ke7 Qc7+ 120. Kf8 Qb7 121. Qc1+ Kg2 122. Qg5+ Kh2 123. Qh4+ Kg1
124. Qd4 Qg2 125. Ke7 Qg3 126. Kd7 Kg2 127. Qd5+ Qf3 128. Qg5+ Kh2 129. Qe5+
Kh3 130. Qh8+ Kg2 131. Qb2 Qf7+ 132. Kc6 Kh1 133. Qh8+ Kg2 134. Kb6 1/2-1/2

[Event "ICS rated standard match"]
[Site "204.178.125.65"]
[Date "2000.07.06"]
[Round "?"]
[White "Hossa"]
[Black "PostModernist"]
[Result "0-1"]
[WhiteElo "2325"]
[BlackElo "2369"]
[PlyCount "102"]
[EventDate "2000.??.??"]

1. Nf3 Nf6 2. c4 c6 3. d4 d5 4. cxd5 cxd5 5. e3 Bf5 6. Bb5+ Nbd7 7. O-O e6 8.
Ne5 a6 9. Bd3 Bxd3 10. Nxd3 Bd6 11. Nc3 O-O 12. f4 Rc8 13. Ne5 b5 14. a3 Nb6
15. Bd2 Nc4 16. Nxc4 bxc4 17. Be1 Rb8 18. Rb1 Rb3 19. Qe2 Qb6 20. Bh4 Ne4 21.
Nxe4 dxe4 22. a4 c3 23. Qc2 cxb2 24. Qxe4 Qc7 25. Be1 Qc4 26. a5 Rfb8 27. g3
Qd3 28. Qxd3 Rxd3 29. e4 Rxd4 30. e5 Bc5 31. Bf2 Rc4 32. Bxc5 Rxc5 33. Rf2 Rc1+
34. Rf1 Rxb1 35. Rxb1 f6 36. exf6 gxf6 37. Kf2 e5 38. Ke3 Kf7 39. fxe5 fxe5 40.
Kd3 Kf6 41. Kc3 Kf5 42. Rxb2 Rxb2 43. Kxb2 Ke4 44. Kc3 Ke3 45. Kc4 e4 46. Kc5
Kd3 47. Kb6 e3 48. Kxa6 e2 49. Ka7 e1=Q 50. a6 Kc4 51. Kb8 Kb5 0-1

[Event "ICS rated bullet match"]
[Site "204.178.125.65"]
[Date "2000.07.07"]
[Round "?"]
[White "PostModernist"]
[Black "Hossa"]
[Result "1-0"]
[WhiteElo "2345"]
[BlackElo "2578"]
[PlyCount "125"]
[EventDate "2000.??.??"]

1. d4 Nf6 2. c4 e6 3. Nf3 b6 4. Bf4 Bb4+ 5. Nfd2 O-O 6. a3 Be7 7. e4 d6 8. Be2
Nc6 9. d5 Nd4 10. O-O Nxe2+ 11. Qxe2 e5 12. Bg3 Nxe4 13. Nxe4 f5 14. Bxe5 fxe4
15. Bc3 Bg5 16. Qxe4 Bf5 17. Qd4 Qe7 18. Re1 Qf7 19. Nd2 a6 20. b3 Bf6 21. Qe3
Rae8 22. Qg3 Be7 23. f3 Bd3 24. a4 a5 25. Ne4 Bc2 26. Re3 Bd8 27. Rae1 g6 28.
Bb2 Bxe4 29. Rxe4 Rxe4 30. Rxe4 Bf6 31. Qf2 Bxb2 32. Qxb2 Re8 33. Qd4 h5 34.
Rxe8+ Qxe8 35. h4 Qe1+ 36. Kh2 Kf7 37. Qf4+ Kg7 38. Qg3 Qd1 39. f4 Kf7 40. Qh3
Qe1 41. Qd7+ Qe7 42. Qxe7+ Kxe7 43. Kg3 Kf6 44. Kf2 Ke7 45. Ke3 Kf6 46. Ke4 Ke7
47. f5 Kf6 48. fxg6 Kxg6 49. Kf4 Kf6 50. g4 hxg4 51. Kxg4 Kg6 52. h5+ Kh6 53.
Kh4 Kh7 54. Kg5 Kg7 55. h6+ Kf7 56. Kf5 Ke7 57. h7 Kd7 58. h8=Q Ke7 59. Qb8 Kd7
60. Kf6 b5 61. axb5 a4 62. bxa4 c6 63. bxc6# 1-0

[Event "ICS rated bullet match"]
[Site "204.178.125.65"]
[Date "2000.07.07"]
[Round "?"]
[White "Hossa"]
[Black "PostModernist"]
[Result "0-1"]
[WhiteElo "2553"]
[BlackElo "2370"]
[PlyCount "188"]
[EventDate "2000.??.??"]

1. d4 Nf6 2. c4 e6 3. Nf3 Bb4+ 4. Bd2 a5 5. Nc3 b6 6. e3 Bb7 7. Bd3 Bxc3 8.
Bxc3 Ne4 9. O-O Nxc3 10. bxc3 d6 11. e4 Nd7 12. Qd2 O-O 13. Bc2 Qf6 14. Ng5 e5
15. Ba4 Rfd8 16. Rfe1 h6 17. Nf3 Qg6 18. Qe2 Nf6 19. Nd2 Nh5 20. Bd1 Nf4 21.
Qg4 Qxg4 22. Bxg4 h5 23. Bd1 h4 24. g3 hxg3 25. hxg3 Ne6 26. Nf3 f6 27. Kg2 Kf7
28. Bc2 Rh8 29. Rh1 g5 30. Rxh8 Rxh8 31. Rd1 Ba6 32. Bd3 g4 33. Nh2 exd4 34.
cxd4 Nxd4 35. Bf1 c5 36. Rb1 Bb7 37. Bd3 Rb8 38. Nxg4 f5 39. Nh6+ Kg6 40. Nxf5
Nxf5 41. f3 Nd4 42. Rxb6 Kf7 43. Rxd6 Bc6 44. Kf1 Rb2 45. a4 Rd2 46. Be2 Bxa4
47. f4 Ke7 48. e5 Bb3 49. Rb6 a4 50. Rb7+ Kf8 51. Rb8+ Kg7 52. Rb7+ Kg6 53. Bg4
Bxc4+ 54. Ke1 Rg2 55. Rb6+ Kh7 56. Rb7+ Kh8 57. Rb8+ Bg8 58. Bh5 Rxg3 59. Ra8
a3 60. Kf2 Rg7 61. Rxa3 Bd5 62. Rc3 c4 63. Kf1 Kh7 64. Ra3 Nb5 65. Ra5 c3 66.
Be2 Bg2+ 67. Kf2 Nd4 68. Bd3+ Kh6 69. Ra3 c2 70. Rc3 Bd5 71. Ke3 Nb3 72. Rxc2
Rg3+ 73. Ke2 Nd4+ 74. Kd2 Nxc2 75. Kxc2 Kh5 76. f5 Kg5 77. e6 Re3 78. Kc3 Be4
79. Kd4 Kf4 80. e7 Bxd3 81. f6 Bg6 82. Kd5 Kg5 83. Kd4 Re4+ 84. Kc3 Kxf6 85.
Kd3 Rxe7+ 86. Kd4 Be4 87. Ke3 Ke5 88. Ke2 Kf4 89. Kd2 Rc7 90. Ke2 Rc2+ 91. Kf1
Bd3+ 92. Ke1 Ke3 93. Kd1 Bg6 94. Ke1 Rc1# 0-1

[Event "ICS rated blitz match"]
[Site "204.178.125.65"]
[Date "2000.07.07"]
[Round "?"]
[White "Hossa"]
[Black "Amateur"]
[Result "0-1"]
[WhiteElo "2570"]
[BlackElo "2587"]
[PlyCount "198"]
[EventDate "2000.??.??"]

1. e4 c5 2. c3 Nf6 3. e5 Nd5 4. d4 cxd4 5. cxd4 Nc6 6. Nf3 d6 7. Bc4 Be6 8. Ng5
Qa5+ 9. Bd2 Qb6 10. Nxe6 fxe6 11. exd6 Qxb2 12. Bxd5 exd5 13. Nc3 O-O-O 14.
dxe7 Bxe7 15. Rb1 Qa3 16. Qg4+ Kb8 17. O-O g5 18. Rb3 h5 19. Qe2 Qd6 20. Qa6
Rd7 21. Rfb1 Nd8 22. Qxd6+ Rxd6 23. h4 Rg8 24. Rb5 Re6 25. Nxd5 gxh4 26. Nxe7
Rxe7 27. Bf4+ Ka8 28. Rxh5 Reg7 29. Kf1 Ne6 30. Rxh4 Nxf4 31. Rxf4 Rxg2 32. Ke2
R2g5 33. Rf7 b6 34. Kf3 Rd8 35. Rd1 Rgd5 36. Ke4 Rh5 37. d5 Re8+ 38. Kf4 Re2
39. Kg4 Rh8 40. a3 Rc2 41. Kg5 Rg8+ 42. Kf6 Rxf2+ 43. Ke7 Re2+ 44. Kd7 Re3 45.
Ra1 Rd3 46. Rf5 Rg4 47. d6 Kb7 48. Rf7 Ka6 49. Re7 Ra4 50. Re6 Ka5 51. Re5+ Ka6
52. Ke7 Rad4 53. Re6 Ka5 54. Rae1 b5 55. R1e4 Rd5 56. R4e5 R5d4 57. Re1 a6 58.
R1e4 Rd5 59. R4e5 R5d4 60. Re1 Rxa3 61. R6e4 Rd2 62. R1e2 Rd5 63. R2e3 Ra2 64.
Re2 Ra1 65. Re1 Ra2 66. R1e2 Ra3 67. R2e3 Ra1 68. Re1 Ra3 69. Re5 Rd2 70. R5e2
Rd4 71. Re3 Ra2 72. R1e2 Ra1 73. Re4 Rd3 74. R4e3 Rd5 75. Re1 Ra2 76. R1e2 Ra4
77. Re4 Rxe4+ 78. Rxe4 Kb6 79. Re2 Rg5 80. d7 Rd5 81. Rf2 a5 82. Rh2 a4 83. Rh8
b4 84. Rh5 Rd4 85. Re5 b3 86. Re1 Rxd7+ 87. Kxd7 b2 88. Re6+ Kb7 89. Re4 b1=Q
90. Re7 a3 91. Kd6+ Kb6 92. Re6 a2 93. Ke7+ Kc5 94. Re5+ Kc4 95. Kf6 a1=Q 96.
Ke6 Qg6+ 97. Kd7 Qa7+ 98. Kd8 Qd6+ 99. Ke8 Qdb8# 0-1

[Event "ICS rated blitz match"]
[Site "204.178.125.65"]
[Date "2000.07.07"]
[Round "?"]
[White "Koibito"]
[Black "Hossa"]
[Result "1-0"]
[WhiteElo "2454"]
[BlackElo "2555"]
[PlyCount "85"]
[EventDate "2000.??.??"]

1. e4 c5 2. Nf3 d6 3. d4 cxd4 4. Nxd4 Nf6 5. Nc3 Nc6 6. Bg5 e6 7. Qd2 a6 8.
O-O-O h6 9. Be3 Nxd4 10. Bxd4 b5 11. f4 Bb7 12. Bxf6 gxf6 13. f5 b4 14. Ne2
Bxe4 15. fxe6 fxe6 16. Nf4 Kf7 17. Bd3 Bxd3 18. Qxd3 f5 19. Rhe1 Qg5 20. Qc4 d5
21. Qc7+ Be7 22. Kb1 b3 23. axb3 Ra7 24. Qxa7 Qxf4 25. Rxd5 Qxh2 26. Rxf5+ Kg6
27. Qxe7 exf5 28. Re6+ Kh5 29. Qf7+ Kh4 30. Qf6+ Kg3 31. Qc3+ Kg4 32. Qxh8 Qh1+
33. Ka2 Qh5 34. Qd4+ f4 35. Qd1+ Kh4 36. g3+ Kxg3 37. Qxh5 a5 38. Rg6+ Kf2 39.
Qh2+ Ke3 40. Re6+ Kf3 41. Qe2+ Kg3 42. Rg6+ Kh4 43. Qg4# {Hossa checkmated} 1-0

[Event "ICS rated blitz match"]
[Site "204.178.125.65"]
[Date "2000.07.07"]
[Round "?"]
[White "Hossa"]
[Black "QueenMaxima"]
[Result "1-0"]
[WhiteElo "2551"]
[BlackElo "2492"]
[PlyCount "183"]
[EventDate "2000.??.??"]

1. e4 e5 2. Nf3 Nc6 3. Bc4 Nf6 4. Ng5 d5 5. exd5 b5 6. Bxb5 Qxd5 7. Bxc6+ Qxc6
8. Qf3 Bb7 9. Qxc6+ Bxc6 10. O-O h6 11. Nf3 Bxf3 12. gxf3 Bd6 13. Kg2 O-O 14.
d3 Rab8 15. Nc3 Nd7 16. a3 Rfd8 17. b4 a6 18. Be3 Kh8 19. Rfe1 Kg8 20. Rg1 Kh8
21. Rae1 c6 22. Ne4 Bc7 23. Nc5 Nxc5 24. Bxc5 Rd7 25. Re2 g5 26. Ba7 Rbd8 27.
Bc5 f6 28. a4 Bd6 29. Bxd6 Rxd6 30. Re4 Kg8 31. h3 Kf7 32. Kg3 Ke6 33. Rge1 Rd4
34. a5 h5 35. Kg2 R8d5 36. R1e3 c5 37. c4 Rd7 38. Rxd4 Rxd4 39. b5 axb5 40.
cxb5 Ra4 41. a6 Ra5 42. Re1 Rxb5 43. Ra1 Rb8 44. a7 Ra8 45. Ra6+ Kd5 46. Kf1 f5
47. Ke2 h4 48. Ke3 f4+ 49. Kd2 c4 50. Kc3 cxd3 51. Kxd3 Kc5 52. Ke4 Kb5 53. Ra1
Kc4 54. Kxe5 Kd3 55. Ra2 Kc3 56. Kd6 Kb3 57. Ra6 Kc4 58. Kc6 Kd3 59. Ra2 Rg8
60. Kb6 Rf8 61. Rb2 Kc3 62. Rb5 g4 63. fxg4 Kd2 64. Rf5 Rg8 65. Rf7 Ke1 66. Kb7
Kxf2 67. a8=Q Rxa8 68. Rxf4+ Kg3 69. Kxa8 Kxf4 70. Kb8 Ke5 71. Kc7 Ke6 72. Kc6
Ke5 73. Kd7 Kf6 74. Kd6 Kg6 75. Ke6 Kg7 76. Kf5 Kf7 77. Kg5 Kg7 78. Kxh4 Kf6
79. g5+ Kg7 80. Kh5 Kf7 81. g6+ Ke7 82. Kg5 Ke6 83. h4 Ke7 84. h5 Kf8 85. h6
Ke7 86. h7 Kd8 87. g7 Ke8 88. g8=R+ Ke7 89. Rg6 Kd7 90. h8=Q Ke7 91. Qh7+ Ke8
92. Rg8# 1-0

[Event "ICS rated blitz match"]
[Site "204.178.125.65"]
[Date "2000.07.07"]
[Round "?"]
[White "QueenMaxima"]
[Black "Hossa"]
[Result "1-0"]
[WhiteElo "2479"]
[BlackElo "2564"]
[PlyCount "139"]
[EventDate "2000.??.??"]

1. e4 c5 2. Nf3 d6 3. d4 Nf6 4. Nc3 cxd4 5. Nxd4 Nc6 6. Bg5 e6 7. Qd2 Be7 8.
O-O-O O-O 9. Nb3 Qb6 10. f3 Rd8 11. Be3 Qc7 12. Qf2 d5 13. exd5 Nxd5 14. Nxd5
Rxd5 15. Rxd5 exd5 16. Bb5 Nb4 17. a3 a6 18. Bf1 Nc6 19. Qd2 b5 20. Qxd5 Be6
21. Qe4 Bxb3 22. cxb3 Rd8 23. Kb1 Rd1+ 24. Ka2 Qd7 25. g3 Rd5 26. Bh3 f5 27.
Qc2 Nd8 28. Re1 a5 29. Qe2 a4 30. bxa4 bxa4 31. Bb6 Kf8 32. Qc4 Rd2 33. Re5 g6
34. Be3 Bf6 35. Bh6+ Bg7 36. Qb4+ Kg8 37. Qxd2 Qxd2 38. Re8+ Kf7 39. Bxd2 Kxe8
40. Bf1 Ne6 41. Bb5+ Ke7 42. Bb4+ Kd8 43. Bxa4 f4 44. Bd6 fxg3 45. hxg3 Nd4 46.
Bd1 g5 47. Bc5 h5 48. f4 gxf4 49. gxf4 h4 50. Bg4 Bf6 51. a4 Kc7 52. b4 Kc6 53.
a5 Kb7 54. Bh3 Kb8 55. a6 Nb5 56. Kb3 Bd8 57. Kc4 Na3+ 58. Kd5 Nb5 59. Kc6 Na7+
60. Kd7 Nc6 61. Bg2 Be7 62. Bb6 Bd8 63. Be3 Na7 64. f5 Bg5 65. Bxg5 Nc6 66.
Bxc6 Ka7 67. Be3+ Kxa6 68. Kc7 h3 69. Bb6 h2 70. b5# {Hossa checkmated} 1-0

[Event "ICS Rated standard match"]
[Site "204.178.125.65"]
[Date "2000.07.07"]
[Round "?"]
[White "WILDKNIGHTS"]
[Black "Hossa"]
[Result "0-1"]
[WhiteElo "1983"]
[BlackElo "2311"]
[PlyCount "92"]
[EventDate "2000.??.??"]

1. e4 c5 2. Nc3 Nc6 3. f4 Qc7 4. Nf3 Qxf4 5. Bc4 e6 6. O-O Qc7 7. d3 a6 8. Ng5
Nf6 9. Bf4 d6 10. Qd2 b5 11. Bb3 h6 12. Nf3 g5 13. Bg3 Nh5 14. Bf2 Bg7 15. Rae1
g4 16. Nh4 g3 17. Bxg3 Nxg3 18. hxg3 Bb7 19. Qf4 Be5 20. Qg4 c4 21. dxc4 bxc4
22. Bxc4 h5 23. Qg5 Qb6+ 24. Kh1 Qxb2 25. Na4 Qb4 26. Bb3 Ne7 27. Nf3 Rg8 28.
Qc1 Bxg3 29. Re2 Bxe4 30. c3 Qb7 31. Qe3 Rg4 32. Nb6 Nf5 33. Ba4+ Ke7 34. Qg1
Be5 35. Qf2 Ng3+ 36. Kg1 Nxe2+ 37. Qxe2 Qxb6+ 38. Rf2 Bxf3 39. Qxf3 Rf4 40. Qe2
Bxc3 41. g3 Rxf2 42. Qxf2 Bd4 43. Bb3 Bxf2+ 44. Kg2 Bg1 45. g4 Qf2+ 46. Kh3
Qh2# 0-1

[Event "ICS rated standard match"]
[Site "204.178.125.65"]
[Date "2000.07.07"]
[Round "?"]
[White "ET2000"]
[Black "Hossa"]
[Result "1-0"]
[WhiteElo "2707"]
[BlackElo "2315"]
[PlyCount "115"]
[EventDate "2000.??.??"]

1. e4 c5 2. Nf3 d6 3. d4 Nf6 4. Nc3 cxd4 5. Nxd4 Nc6 6. Bg5 e6 7. Qd2 a6 8.
O-O-O Be7 9. f4 Nxd4 10. Qxd4 O-O 11. Be2 Qc7 12. e5 dxe5 13. Qxe5 Qb6 14. Ne4
Nd7 15. Qc3 f6 16. Bh4 Nc5 17. Bf3 Nxe4 18. Bxe4 Qb5 19. Kb1 Bc5 20. Qf3 a5 21.
Rhe1 a4 22. a3 Bb6 23. Bxb7 Bxb7 24. Qxb7 Rab8 25. Qd7 Qh5 26. Qxe6+ Kh8 27.
Bg3 Qb5 28. Qd7 Qa5 29. f5 Rbd8 30. Qe6 Rxd1+ 31. Rxd1 Rg8 32. Rd6 Bg1 33. Qd5
Qa8 34. Qxa8 Rxa8 35. c4 h5 36. Rd1 Bc5 37. Rd5 Be7 38. Kc2 Kh7 39. Kc3 Ra7 40.
c5 Rb7 41. c6 Rb6 42. c7 Rc6+ 43. Kd4 h4 44. Bf4 g5 45. fxg6+ Kxg6 46. Ra5 Kf7
47. Rxa4 f5 48. Rc4 Bf6+ 49. Kd5 Rxc7 50. Rxc7+ Kg6 51. b4 Bb2 52. b5 Bxa3 53.
b6 Bb2 54. b7 Bf6 55. b8=Q Bg7 56. Qe8+ Kh7 57. Qf7 h3 58. Qxg7# {
Hossa checkmated} 1-0

[Event "ICS Rated blitz match"]
[Site "204.178.125.65"]
[Date "2000.07.07"]
[Round "?"]
[White "Hossa"]
[Black "Njall"]
[Result "1-0"]
[WhiteElo "2544"]
[BlackElo "2119"]
[PlyCount "121"]
[EventDate "2000.??.??"]

1. e4 c6 2. d4 d5 3. Nd2 dxe4 4. Nxe4 Bf5 5. Ng3 Bg6 6. h4 h6 7. Nh3 Nf6 8. c3
e6 9. Nf4 Bh7 10. Bd3 Bxd3 11. Nxd3 Nbd7 12. Bf4 Nb6 13. Qe2 Nbd5 14. Be5 Bd6
15. Nf5 Bxe5 16. dxe5 exf5 17. exf6+ Kd7 18. Ne5+ Kc7 19. Nxf7 Qd7 20. Qe5+ Kb6
21. fxg7 Rhe8 22. g8=Q Rxg8 23. O-O-O Qxf7 24. Qd4+ Kc7 25. Qe5+ Kc8 26. Rhe1
b6 27. Qe6+ Qxe6 28. Rxe6 Kb7 29. g3 Rh8 30. c4 Nc7 31. Rf6 Raf8 32. Rdd6 c5
33. Rxf8 Rxf8 34. Rxh6 Ne8 35. Re6 Nf6 36. Kd2 Rf7 37. Ke3 Kc7 38. Kf4 Ne4 39.
f3 Nd6 40. b3 Kd7 41. Ke5 Re7 42. Rxe7+ Kxe7 43. g4 fxg4 44. fxg4 Nf7+ 45. Kd5
Kf6 46. Kc6 Ne5+ 47. Kb7 Nd3 48. Kxa7 Nc1 49. Kxb6 Nxa2 50. Kxc5 Nc3 51. Kd4
Ne2+ 52. Ke3 Nc3 53. b4 Ke5 54. h5 Ne4 55. h6 Ng5 56. b5 Nh7 57. b6 Kd6 58. c5+
Kc6 59. Ke4 Nf6+ 60. Kf5 Nd7 61. h7 {Njall resigns} 1-0

[Event "ICS rated blitz match"]
[Site "204.178.125.65"]
[Date "2000.07.07"]
[Round "?"]
[White "Njall"]
[Black "Hossa"]
[Result "0-1"]
[WhiteElo "2116"]
[BlackElo "2547"]
[PlyCount "210"]
[EventDate "2000.??.??"]

1. d4 Nf6 2. c4 e6 3. Nc3 Bb4 4. f3 d5 5. a3 Bxc3+ 6. bxc3 Nbd7 7. cxd5 exd5 8.
Bg5 O-O 9. e3 Nb6 10. Bd3 h6 11. Bh4 Re8 12. Qd2 Nc4 13. Bxc4 dxc4 14. Ne2 Qe7
15. e4 Nxe4 16. Bxe7 Nxd2 17. Kxd2 Rxe7 18. Ng3 Be6 19. Ne4 Rae8 20. Rhe1 f5
21. Ng3 g6 22. Re5 Kg7 23. Rae1 Kf6 24. Kc2 b6 25. a4 Bd7 26. f4 Bxa4+ 27. Kd2
Bc6 28. R1e2 a5 29. Nf1 a4 30. Kc1 b5 31. Ne3 h5 32. Nc2 h4 33. Nb4 Bb7 34. Kb2
c5 35. Rxe7 Rxe7 36. Rxe7 Kxe7 37. dxc5 Bxg2 38. Nc2 Kd7 39. Nd4 Bc6 40. Ka3
Kc7 41. Kb4 Kb7 42. Ne6 Be8 43. Nd4 h3 44. Ka3 Bd7 45. Kb4 Bc6 46. Ne6 Kc8 47.
Nf8 Be8 48. Ne6 Kb7 49. Nd4 Kc7 50. Ka3 Bc6 51. Kb4 Bd7 52. Nf3 Be8 53. Ng5 Kd7
54. Nxh3 Ke7 55. Ng5 Bc6 56. Ka3 Bd5 57. Kb4 Ke8 58. Nh7 Kf7 59. Ng5+ Ke7 60.
Nh3 Kd7 61. Nf2 Bg2 62. Nd1 Be4 63. Ne3 Kc6 64. Nf1 Kc7 65. Ng3 Bf3 66. Nf1 Kb7
67. Nd2 Bc6 68. h4 Bd5 69. Nf1 Bf3 70. Ng3 Kc6 71. Nf1 Be2 72. Ne3 Bd3 73. Nd1
Be4 74. Nf2 Bg2 75. Nd1 Kc7 76. Ne3 Be4 77. Nd1 Kb7 78. Nb2 Bf3 79. Nxa4 bxa4
80. Kxa4 Kc6 81. Kb4 Bd5 82. Ka5 Kxc5 83. Ka4 Bg8 84. Ka5 Kd5 85. Kb5 Ke4 86.
Kc5 Kxf4 87. Kd6 Kg4 88. Ke5 Kxh4 89. Kf4 Kh5 90. Ke5 Kg5 91. Kd4 Kf4 92. Kc5
Ke4 93. Kd6 Kd3 94. Ke7 Kxc3 95. Kf8 Kd4 96. Kxg8 f4 97. Kf7 f3 98. Kxg6 f2 99.
Kf5 f1=R+ 100. Ke6 c3 101. Kd6 c2 102. Ke6 c1=Q 103. Kd6 Rf7 104. Ke6 Qf1 105.
Kd6 Qf6# {Njall checkmated} 0-1

[Event "ICS rated blitz match"]
[Site "204.178.125.65"]
[Date "2000.07.07"]
[Round "?"]
[White "Hossa"]
[Black "Njall"]
[Result "1-0"]
[WhiteElo "2549"]
[BlackElo "2114"]
[PlyCount "40"]
[EventDate "2000.??.??"]

1. e4 c6 2. d4 d5 3. Nc3 dxe4 4. Nxe4 Nd7 5. Ng5 Ngf6 6. Bd3 e6 7. N1f3 Nb6 8.
Ne5 Qxd4 9. Nexf7 Rg8 10. O-O g6 11. Nh6 Rg7 12. Bxg6+ Rxg6 13. Qxd4 Bxh6 14.
Nxh7 Nxh7 15. Qh8+ Nf8 16. Bxh6 Nbd7 17. f4 Rf6 18. f5 e5 19. Rae1 Rf7 20.
Rxe5+ Nxe5 {Njall resigns} 1-0

[Event "ICS rated blitz match"]
[Site "204.178.125.65"]
[Date "2000.07.07"]
[Round "?"]
[White "Hossa"]
[Black "WhiteCastles"]
[Result "0-1"]
[WhiteElo "2553"]
[BlackElo "2855"]
[PlyCount "92"]
[EventDate "2000.??.??"]

1. e4 e5 2. Nf3 Nf6 3. Nc3 Bb4 4. Bc4 d6 5. Qe2 Nc6 6. O-O Bg4 7. a3 Bc5 8. Bb5
O-O 9. Bxc6 bxc6 10. Na4 Bd4 11. c3 Bb6 12. d3 Re8 13. b3 Ba5 14. b4 Bb6 15.
Nb2 Be6 16. Nc4 c5 17. Nxb6 axb6 18. bxc5 bxc5 19. Ng5 Bb3 20. c4 Qe7 21. f4
exf4 22. Bxf4 Reb8 23. Bd2 h6 24. Nh3 Qe5 25. Qf3 Bc2 26. Nf4 Rb3 27. Kh1 Raxa3
28. Rxa3 Rxa3 29. Bc1 Ra2 30. Nd5 Nxd5 31. exd5 f6 32. Qh3 Ra8 33. Rg1 Qd4 34.
Qe6+ Kh8 35. Qf7 Bxd3 36. Qxc7 Bxc4 37. Qxd6 Bxd5 38. Qe7 Ra2 39. Be3 Qd3 40.
Re1 Rxg2 41. Qe8+ Kh7 42. h4 Rg6+ 43. Kh2 Qc2+ 44. Bd2 Qxd2+ 45. Re2 Qf4+ 46.
Kh3 Qg3# {Hossa checkmated} 0-1

[Event "ICS rated blitz match"]
[Site "204.178.125.65"]
[Date "2000.07.07"]
[Round "?"]
[White "WhiteCastles"]
[Black "Hossa"]
[Result "1-0"]
[WhiteElo "2860"]
[BlackElo "2548"]
[PlyCount "111"]
[EventDate "2000.??.??"]

1. d4 Nf6 2. c4 e6 3. Nf3 Bb4+ 4. Bd2 a5 5. g3 d6 6. Bg2 Nbd7 7. Qc2 Bxd2+ 8.
Nbxd2 c5 9. O-O cxd4 10. Nxd4 O-O 11. Nb5 Nc5 12. Nb3 Nxb3 13. Qxb3 Qe7 14. Qa3
Ra6 15. Rad1 Rd8 16. Rd2 Rd7 17. Rfd1 Ne8 18. e3 Qd8 19. h3 f5 20. Bf3 Qe7 21.
b3 Rd8 22. Bg2 Rd7 23. Rd3 Qd8 24. Qb2 a4 25. Qd2 axb3 26. axb3 Qf6 27. Kh2 Qf7
28. Qb4 Qe7 29. Rd4 Rd8 30. f4 Rd7 31. e4 fxe4 32. Rxe4 Rd8 33. Re3 Qf7 34. Rd2
Kh8 35. Na7 Ra1 36. Nxc8 Rxc8 37. Qxb7 Rc7 38. Qb8 Ra6 39. Rde2 Re7 40. Qc8 Rb6
41. Bd5 Qh5 42. Qd8 h6 43. Qxe7 Nf6 44. Rxe6 Nxd5 45. Qf8+ Kh7 46. cxd5 Rxb3
47. Re7 Qxe2+ 48. Rxe2 Rb7 49. f5 Rb6 50. f6 Rb7 51. fxg7 Rxg7 52. Qf5+ Kh8 53.
Re8+ Rg8 54. Qf6+ Kh7 55. Re7+ Rg7 56. Qxg7# {Hossa checkmated} 1-0

[Event "ICS rated blitz match"]
[Site "204.178.125.65"]
[Date "2000.07.07"]
[Round "?"]
[White "Hossa"]
[Black "mvlito"]
[Result "1-0"]
[WhiteElo "2543"]
[BlackElo "2311"]
[PlyCount "71"]
[EventDate "2000.??.??"]

1. e4 c5 2. Nf3 Nc6 3. Bb5 e6 4. O-O Nge7 5. b3 b6 6. d4 Bb7 7. dxc5 bxc5 8. e5
Ng6 9. Bb2 Be7 10. Na3 O-O 11. Nc4 Rb8 12. Nd6 Ba8 13. Bd3 Bxd6 14. exd6 f5 15.
a3 Nf4 16. Qd2 Nxd3 17. Qxd3 Qe8 18. Qc3 Qg6 19. Qxc5 Rfc8 20. Qe3 f4 21. Qxf4
Rf8 22. Qg5 Qf7 23. Rab1 h6 24. Qg4 Rb5 25. Rbe1 Rf5 26. Qg3 Kh7 27. Re4 g6 28.
Rh4 Rh5 29. Rxh5 gxh5 30. Nh4 Nd8 31. Qd3+ Kg8 32. Ng6 Re8 33. Ne7+ Kf8 34. Qg3
Nc6 35. Ng6+ Kg8 36. Nh8+ {mvlito resigns} 1-0